000 00705nam a22002177a 4500
003 UA-OsUOA
001 107978
007 ta
008 20140924b un ||||| |||| 00| 0 ukr d
100 _aОмельчук С.
090 _a81
_bО-57
942 _cSA
040 _aUA-OsUOA
_bukr
_cUA-OsUOA
_dUA-OsUOA
245 _aНормативність культури мовлення в учнівських науково-дослідних роботах з української мови
300 _aС.2-7
955 _a0
041 _aukr
080 _a81
773 0 _w107977
650 7 _a8 Мовознавство. Художня література. Літературознавство
_2UDC
999 _c394263
_d394263